000 01022nam a22002777a 4500
003 CHAP
005 20220329141059.0
008 971013s r 00010 d
010 _a62310
011 _a63282
035 _a67458
040 _cCHAP
100 0 0 _aEspinosa Garduño, Judith.
_937938
245 _aListado florístico del estado de Michoacán
_b: sección II (Angiospermae: Compositae)
490 _aFlora del Bajío y de Regiones Adyacentes. Fascículo complementario
_v; 7
590 _aBATCH-UPD
_b10
_c20130110
_lUCH01
_h0400
590 _aBATCH-UPD
_b10
_c20130410
_lUCH01
_h0033
590 _aBATCH-UPD
_b10
_c20130914
_lUCH01
_h1416
590 _aCONVERSION
_b10
_c20130109
_lUCH01
_h1333
700 0 _aRodríguez Jiménez, L. Socorro.
_998616
830 0 _aFlora del Bajío y de Regiones Adyacentes. Fascículo complementario
_v; 7
_941325
852 2 _yISSUE
_d2012-12-17
_503
901 _aBK
942 _cISSUE
949 _bBC
_cPS
_d-152610
_ePS
_i67458
_si
_t35.00
999 _c62310
_d62310